00743cam a22002293a 45000010008000000030009000080050017000170070008000340080036000420100006000780200015000840400028000990820030001271000026001572450075001832600050002583000027003084900023003356000059003586510062004177000034004790000771DO-SdBPM20250604091602.000007718611121979 sp a 000 0 spa d a  a8430511105 aDO-SdBPMcspadBPMSUd  4a923.546 bP695H 19792221 aHerrera, Juan Ignacio10aFrancisco Pizarro /cJuan Ignacio Herrera ; ilustraciones Donato Lobo. aMadrid, España :bSusaeta ediciones,c1979. a98 p. :bil. ;c20 cm.0 aVidas ilustres,v414a Pizarro, Francisco, d1478?-1541. vBiografías x  4aPerúxHistoria yDescubrimiento y conquista, 1519-1536.1 aLobo, Donato,eilustración